Bill Hader Filmography - Statistics

General Stats
  • This quiz has been taken 125 times
    37 since last reset
  • The average score is 21 of 125
Answer Stats
Type Year Name % Correct
TV Show 2005-2020 Saturday Night Live
83%
Film 2007 Superbad
65%
TV Show 2018-2023 Barry
57%
Film 2009 Cloudy with a Chance of Meatballs
57%
Film 2015 Inside Out
52%
Film 2015 Trainwreck
48%
Film 2013 Cloudy with a Chance of Meatballs 2
43%
Film 2019 It: Chapter 2
43%
Film 2011 Paul
43%
Film 2014 The Skeleton Twins
43%
Film 2008 Forgetting Sarah Marshall
39%
Film 2008 Pineapple Express
39%
Film 2008 Tropic Thunder
39%
Film 2007 Knocked Up
35%
Film 2019 Noelle
35%
Film 2016 Sausage Party
35%
Film 2016 Finding Dory
30%
Film 2009 Ice Age: Dawn of the Dinosaurs
30%
Film 2013 Monsters University
30%
Film 2018 Ralph Breaks the Internet
30%
TV Show 2013, 2018 The Simpsons
30%
Film 2013 The To Do List
30%
Film 2009 Adventureland
26%
Film 2023 Beau Is Afraid
26%
TV Show 2015 Brooklyn Nine-Nine
26%
TV Show 2021 Curb Your Enthusiasm
26%
Film 2007 Hot Rod
26%
Film 2024 IF
26%
Film 2012 Men in Black 3
26%
Film 2016 Popstar: Never Stop Never Stopping
26%
Film 2010 Scott Pilgrim vs. the World
26%
Film 2016 The BFG
26%
Film 2013 The Disappearance of Eleanor Rigby
26%
Film 2014 They Came Together
26%
Film 2012 This Is 40
26%
Film 2013 Turbo
26%
TV Show 2010 30 Rock
22%
TV Show 2015-2016 Documentary Now!
22%
Film 2013 Her
22%
Film 2022 Lightyear
22%
Film 2015 Maggie's Plan
22%
Film 2009 Night at the Museum: Battle of the Smithsonian
22%
Video Game 2009 Night at the Museum: Battle of the Smithsonian - The Video Game
22%
Film 2017 Power Rangers
22%
Film 2015 Star Wars: The Force Awakens
22%
Film 2021 The Addams Family 2
22%
Film 2016 The Angry Birds Movie
22%
Film 2019 The Angry Birds Movie 2
22%
Film 2026 The Cat in the Hat
22%
Film 2009 Year One
22%
Film 2006 You, Me and Dupree
22%
Film 2015 Accidental Love
17%
TV Show 2012-2014, 2020 Bob's Burgers
17%
TV Show 2016 Conan
17%
Film 2006 Doogal
17%
Film 2013 Escape from Planet Earth
17%
Film 2011 Hoodwinked Too! Hood vs. Evil
17%
TV Show 2006 Late Night with Conan O'Brien
17%
TV Show 2011-2015 South Park
17%
Film 2013 Star Trek Into Darkness
17%
Film 2007 The Brothers Solomon
17%
TV Show 2013 The Office
17%
Film 2014 22 Jump Street
13%
Documentary 2020 Belushi
13%
TV Film 2013 Clear History
13%
Short Film 2005 Jenny Clone
13%
Music Video 2009 Like a Boss
13%
TV Show 2013 Portlandia
13%
Film 2007 Purple Violets
13%
Web Mini-Series 2021 Adventure Time: Distant Lands
9%
Short Film 2017 Caroline
9%
TV Show 2013 Drunk History
9%
TV Show 2010 Freaknik: The Musical
9%
TV Show 2011 Funny or Die Presents...
9%
Video Game 2008 Grand Theft Auto IV
9%
Short Film 2005 Hallway
9%
Web Mini-Series 2024 John Mulaney Presents: Everybody's in LA
9%
Web Series 2021 Marvel's M.O.D.O.K.
9%
Short Film 2015 Riley's First Date?
9%
TV Show 2012-2014 The Mindy Project
9%
Short Film 2006 The Pity Card
9%
TV Show 2010 Ugly Americans
9%
TV Documentary 2011 6 Days to Air: The Making of South Park
4%
TV Show 2009-2010 Aqua Teen Hunger Force
4%
TV Special 2013 Arcade Fire in Here Comes The Night Time
4%
Short Film 2011 Back for the Future
4%
Documentary 2015 Beaver Trilogy Part IV
4%
TV Special 2013 Comedy Central Roast of James Franco
4%
Film TBA Empress of Serenity
4%
Documentary Series 2016, 2020 Finding Your Roots with Henry Louis Gates, Jr.
4%
Music Video 1998 Go Deep
4%
TV Show 2008 Human Giant
4%
TV Show 2015 Inside Amy Schumer
4%
TV Show 2015 Man Seeking Woman
4%
TV Show 2012 NTSF:SD:SUV::
4%
Commercial 2013-2016 Planters
4%
TV Show 2005 Punk'd
4%
TV Show 2014 Randy Cunningham: 9th Grade Ninja
4%
TV Show 2008-2017 Saturday Night Live Weekend Update Thursday
4%
TV Show 2016 Silicon Valley
4%
Video Game 2014 South Park: The Stick of Truth
4%
Music Video 2009 Space Olympics
4%
Short Film 2014 Steve's First Bath
4%
TV Show 2013-2015 The Awesomes
4%
Web Series 2019 The Dark Crystal: Age of Resistance
4%
TV Special 2012 The Secret Policeman's Ball 2012
4%
TV Show 2010-2013 The Venture Bros.
4%
TV Show 2022 Toast of Tinseltown
4%
TV Show 2009 Xavier: Renegade Angel
4%
Short Film 2015 Apple: Backstage
0%
Short Film 2014 Attack of the 50-Foot Gummi Bear
0%
Web Special 2020 Celebrity Escape Room
0%
TV Show 2013 Comedy Bang! Bang!
0%
Documentary Series 2020-2021 Eli Roth's History of Horror
0%
TV Short 2006 Head in the Oven
0%
Commercial 2018 Pringles
0%
TV Show 2008 Shutterbugs
0%
TV Short 2009 Snake 'n' Bacon
0%
TV Mini-Series 2013 TCM Friday Night Spooklight
0%
TV Show 2012 The Front Desk
0%
TV Show 2008 The Line
0%
TV Show 2008 Tim and Eric Awesome Show, Great Job!
0%
Commercial 2013 T-Mobile
0%
Web Series 2015 Unbreakable Kimmy Schmidt
0%
TV Film 2005 Uncommon Sense
0%
No matching quizzes found
Score Distribution
Percent of People with Each Score
Percentile by Number Answered
Your Score History
You have not taken this quiz since the last reset